| 000 | 01906nam a2200361 a 4500 | ||
|---|---|---|---|
| 001 | 000012927 | ||
| 003 | OSt | ||
| 005 | 20260321073639.0 | ||
| 008 | 100913s2007 dr ac 001 0 spa d | ||
| 020 | _a9789993467373 | ||
| 040 |
_aDO-SdBNP _bspa _cBNPHU |
||
| 082 |
_a923.2 _bB742P, 2007 |
||
| 100 | 1 |
_aPiña Contreras, Guillermo, _d1952- _9315 |
|
| 245 | 1 | 0 |
_aJuan Bosch : _bimagen, trayectoria y escritura / _cGuillermo Piña Contreras ; presentación José Rafael Lantigua. |
| 250 | _a2a. ed. rev. y corr. | ||
| 260 |
_aSanto Domingo : _bCPEP, _c2007. |
||
| 300 |
_axix, 369 p ; _c31 cm. |
||
| 490 | 1 |
_aComisión Permanente de Efemérides Patrias _v24 |
|
| 490 | 1 |
_aEscritura y bibliografía _v2 |
|
| 500 | _aIncluye índice onomástico | ||
| 500 | _aIncluye índice de ilustraciones y fuentes | ||
| 500 | _aIncluye notas a pie de páginas | ||
| 505 | 0 |
_tPresentación -- _tIntroducción -- _tInfancia y adolescencia en la formación de un escritor -- _tSanto Domingo: un escritor bajo la dictadura -- _tExilio, creación literaria y actividad política -- _tDe un exilio al otro: cuba, Costa Rica, Bolivia, chile y Venezuela -- _tDel exilio a la presidencia, de la presidencia al exilio -- _tAños de reflexión político-ideológica -- _tPartido de la Liberación Dominicana: nueva concepción política de Juan Bosch -- _tJuan bosch: el camino de la historia -- _tHomenajes y reconocimientos -- _tÍndices |
|
| 600 | 1 | 0 |
_a Bosch, Juan, _d1909-2001 _976555 |
| 600 | 1 | 0 |
_a Bosch, Juan, _d1909-2001 _976555 |
| 651 | 1 | 4 |
_aRepública Dominicana _xBibliografías _929836 |
| 700 | 1 | 2 |
_aLantigua, José Rafael, _d1949- _epres. _91438 |
| 710 | 1 | 2 |
_aRepública Dominicana _bComisión Permanente de Efemérides Patria _945309 |
| 830 | 0 |
_aComisión Permanente de Efemérides Patrias _n24 _929837 |
|
| 830 | 0 |
_aEscritura y bibliografía _929838 |
|
| 910 | _aValidado. Control de calidad MFF | ||
| 942 |
_2ddc _cLBS1 |
||
| 999 |
_c12575 _d12575 |
||